Online Catalogue and eLibrary

An Introductory Guide to Human Rights Law and Humanitarian Law : (Record no. 578)

MARC details
000 -LEADER
fixed length control field 00549nam a22001937a 4500
005 - DATE AND TIME OF LATEST TRANSACTION
control field 20240318072901.0
008 - FIXED-LENGTH DATA ELEMENTS--GENERAL INFORMATION
fixed length control field 240318b |||||||| |||| 00| 0 eng d
020 ## - INTERNATIONAL STANDARD BOOK NUMBER
ISBN 9559255037
082 ## - DDC Classification
DDC Edition Number 22
Class No. 323.4.
Item Number - Author Mark INT.
100 ## - MAIN ENTRY--PERSONAL NAME
Personal name Leary , A. Virginia.
100 ## - MAIN ENTRY--PERSONAL NAME
Personal name Wickremasinghe, Suriya.
245 ## - TITLE STATEMENT
Title An Introductory Guide to Human Rights Law and Humanitarian Law :
Statement of responsibility, etc. Virginia A. Leary .
250 ## - EDITION STATEMENT
Edition statement 2nd.
260 ## - PUBLICATION, DISTRIBUTION, ETC.
Place of publication, distribution, etc. Colombo :
Name of publisher, distributor, etc. Nadesan Centre /
Date of publication, distribution, etc. 1995.
300 ## - PHYSICAL DESCRIPTION
Extent (e.g. Volumes, Pages etc.) 79 p.,
650 ## - SUBJECT ADDED ENTRY--TOPICAL TERM
Topical term or geographic name entry element Human Rights Law.
650 ## - SUBJECT ADDED ENTRY--TOPICAL TERM
Topical term or geographic name entry element Politics.
942 ## - Koha item type (Biblio)
Koha item type Books in Stacks (Lending)
Holdings
Lost status Damaged status Collection code Home library Current library Date acquired Full call number Accession Number Item type
    Lending WERC Library WERC Library 03/18/2024 323.4. INT. 2209. Books in Stacks (Lending)

© WERC Library